Statistics for Countries of the World According to an Average Turkish

Click here to take the quiz!

General Stats

  • This quiz has been taken 103 times
    (75 since last reset)
  • The average score is 175 of 196

Answers on the Map

Answers color-coded by a green-red scale on the quiz's map according to % correct below.
 

Answer Stats

Country% Correct
Russia
97%
United States
97%
Germany
95%
Turkey
95%
China
93%
France
93%
Italy
93%
United Kingdom
93%
Australia
92%
Algeria
90%
Brazil
90%
Canada
90%
Egypt
90%
Iran
90%
Japan
90%
South Korea
90%
Spain
90%
Azerbaijan
88%
India
88%
Iraq
88%
Mexico
88%
Mongolia
88%
Morocco
88%
New Zealand
88%
Portugal
88%
Saudi Arabia
88%
Argentina
87%
Indonesia
87%
Libya
87%
North Korea
87%
South Africa
87%
Syria
87%
Ukraine
87%
Bulgaria
85%
Norway
85%
Pakistan
85%
Romania
85%
Afghanistan
83%
Albania
83%
Denmark
83%
Netherlands
83%
Poland
83%
Bosnia and
Herzegovina
82%
Nigeria
82%
Serbia
82%
Switzerland
82%
Palestine
78%
Uzbekistan
78%

Score Distribution

Percentile by Number Answered

Percent of People with Each Score

Your Score History

You have not taken this quiz since the last reset